banner-ar

كاريكاتير حجازى فنان الحارة المصرية / (Record no. 46364)

MARC details
000 -الفاتح
حقل البيانات ثابتة الطول 00534nam a2200181Ia 4500
008 - عناصر البيانات ثابتة الطول - معلومات عامة
حقل البيانات ثابتة الطول 140319s9999 xx 000 0 ara d
040 ## - مصدر الفهرسة
وكالة الفهرسة الأصلية GCL /
وكالة النسخ GCL
082 04 - رقم تصنيف ديوى العشرى
رقم التصنيف 741.5
رقم المادة م ك
100 1# - المدخل الرئيسى - إسم شخصى
الإسم الشخصى محمد بغدادى (اعداد)
245 10 - بيان العنوان
العنوان كاريكاتير حجازى فنان الحارة المصرية /
بيان المسئوليه,etc محمد بغدادى (اعداد)
300 ## - الوصف المادى
التعداد 223 ص
490 ## - بيان السلسلة
عنوان السلسلة
650 04 - المدخل الاضافى بالموضوع-مصطلح موضوعى
مصطلح موضوعي الكاريكاتير
650 04 - المدخل الاضافى بالموضوع-مصطلح موضوعى
مصطلح موضوعي الرسامون المصريون
650 04 - المدخل الاضافى بالموضوع-مصطلح موضوعى
مصطلح موضوعي حجازى
942 ## - عناصر المدخل الإضافي( كوها)
مصدر التصنيف او مخطط الترفيف Dewey Decimal Classification
Koha [default] item type كتاب
Holdings
حالة التراجع حالة الفقد حالة تلف ليس للاعارة المكان المؤقت الموقع الحالى تاريخ الاكتساب اجمالي اﻻعارات رقم الطلب الباركود تاريخ اخر مشاهدة تاريخ تفعيل السعر نوع وعاء كوها
        مكتبة القاهرة الكبرى مكتبة القاهرة الكبرى 03/26/2014   741.5\م ك 112858 03/26/2014 03/26/2014 كتاب
        مكتبة القاهرة الكبرى مكتبة القاهرة الكبرى 03/26/2014   741.5\م ك 112859 03/26/2014 03/26/2014 كتاب
        مكتبة القاهرة الكبرى مكتبة القاهرة الكبرى 03/26/2014   741.5\م ك 112860 03/26/2014 03/26/2014 كتاب

Powered By

EGPV